Open Data Biblioteca Nacional de Portugal


República Portuguesa: Ministério da Cultura
Biblioteca Nacional de Portugal

Catálogo da BNP: acesso por Identificadores Unívocos
Registos Bibliográficos associados ao registo de autoridade

Etiqueta de registo: 00254nam 2200025 450
001 2285599
003 http://id.bnportugal.gov.pt/bib/catbnp/2285599
010 ## $a978-989-694-837-5
021 ## $aPT$b558457/26
100 ## $a20260430d2026 m y0pory01030103ba
101 1# $apor$ceng
102 ## $aPT
105 ## $ay z 000yy
106 ## $ar
200 1# $aTalento$fAlice de Chalendar... [et al.]$gtrad. Judite Jóia
210 #9 $aCoimbra$cActual,$dimp. 2026
215 ## $a241 p.$d21 cm
225 2# $aHBR 10 artigos essenciais$v37
304 ## $aTít. orig.: 10 must reads on talent
701 #1 $aChalendar,$bAlice de$4070$31997423
702 #1 $aJóia,$bJudite$4730$31801940
801 #0 $aPT$bBN$gRPC
966 ## $lBN$mFGMON$x1
966 ## $lBN$mFGMON$x1
971 ## $casantos$d20260430

OpendataBNP@bnportugal.pt | Mais informação sobre acesso aos dados BNP